| 000 | 01011nam a2200241 i 4500 | ||
|---|---|---|---|
| 001 | 34413 | ||
| 003 | ES-MaACL | ||
| 005 | 20250929063102.0 | ||
| 007 | t| | ||
| 008 | 030207s1945 sp ||||1| spa d | ||
| 100 | 1 |
_aBonelli Rubio, Juan María, _d1904-1981 _930103 |
|
| 245 | 1 | 3 |
_aEl problema de la colonización : _bconferencia [pronunciada el día 18 de diciembre de 1944 en el Consejo de Investigaciones Científicas] / _cpor Juan María Bonelli Rubio. |
| 260 |
_aMadrid : _b[Dirección General de Marruecos y Colonias, _c1945] ( _fImp. S. Aguirre) |
||
| 300 |
_a15 p. ; _c25 cm. |
||
| 490 | 1 | _aCurso sobre África española | |
| 650 | 7 |
_aColonización _2 _9135791 |
|
| 651 | 4 |
_aGuinea Ecuatorial- _xAdministración. _9146007 |
|
| 710 | 2 |
_aConsejo Superior de Investigaciones Científicas (España) _93236 |
|
| 710 | 1 |
_aEspaña. _bDirección General de Marruecos y Colonias. _93752 |
|
| 830 | 1 |
_aCurso sobre África española _9181513 |
|
| 852 |
_aES-MaACL _j1880-F-10 |
||
| 999 |
_c34413 _d34413 |
||